• 首页
  • 本馆介绍
  • 公告通知
  • 最新文献
  • 馆藏检索
  • 电子资源
  • 读者导购
  • 参考咨询
  • 我的图书馆
  • 登录
  • 详细信息显示
  • 放入我的书架
  • 预约/预借图书
  • 作者相关作品
  • 分类相关作品
  • 丛书相关作品
  • 出版社相关作品

书目信息

  • 表格格式
  • 工作单格式
  • 卡片格式
题名:
抗体理论与技术
    
 
作者: 王廷华 , 李官成 , (澳) 主编
分册:  
出版信息: 北京   科学出版社  2005
页数: 364页
开本: 26cm
丛书名: 21世纪生物技术丛书
单 册:
中图分类: Q939.91
科图分类:
主题词: 抗体--研究 , 抗体
电子资源:
ISBN: 7-03-014672-7
000 00993nam0 2200301 450
000 01000nam0 2200301 450
000 00930nam0 2200277 450
000 00893nam0 2200265 45
005 20070529081806.64
010    @a7-03-014672-7@dCNY68.00
100    @a20070418d2005 em y0chiy0120 ea
101 1  @achi@caus
102    @aCN@b110000
105    @ay z 000yy
200 1  @a抗体理论与技术@f王廷华,李官成,Xin-Fu Zhou主编
210    @a北京@c科学出版社@d2005
215    @a364页@d26cm
225 2  @a21世纪生物技术丛书
330    @a本书分三篇15章,上篇介绍了抗体的基本理论,包括抗体的研究历史、现状与发展、抗原与抗原提呈、抗体的结构与功能、免疫应答与调节。中篇和下篇详细介绍了抗体基本技术及其相关的技术。
410  0 @12001 @a21世纪生物技术丛书
606 0  @a抗体@x研究
606 0  @a抗体
690    @aQ939.91@v4
701  0 @a王廷华@4主编
701  0 @a李官成@4主编
701  1 @a(澳)@a周@g(Zhou, Xin-Fu)@4主编
801  0 @aCN@bTAOJIN@c20070529
905    @a10447@dQ939.91@e50
    
    抗体理论与技术/王廷华,李官成,Xin-Fu Zhou主编.-北京:科学出版社,2005
    364页;26cm.-(21世纪生物技术丛书 )
    
    
    ISBN 7-03-014672-7:CNY68.00
    本书分三篇15章,上篇介绍了抗体的基本理论,包括抗体的研究历史、现状与发展、抗原与抗原提呈、抗体的结构与功能、免疫应答与调节。中篇和下篇详细介绍了抗体基本技术及其相关的技术。
●
相关链接 在E读中查询图书 在五车中查询图书 在当当中查询图书 在豆瓣中查询图书


正题名:抗体理论与技术     索取号:Q939.91/50         预约/预借

序号 登录号 条形码 馆藏地/架位号 状态 备注
1 0523486   205234860   第二样本阅览室/ [索取号:Q939.91/50] 在馆    
2 0523487   205234879   第三借阅区/ [索取号:Q939.91/50] 在馆    
唐山师范学院图书馆 欢迎您!
大连网信软件有限公司© 版权所有